000 00623nam a2200193Ia 4500
005 20250423100435.0
008 250422s9999 xx 000 0 und d
020 _a9780190429218
050 _aRC 46 .O94/
100 _aEdited by Bob Mash
245 0 _aOxford handbook of family medicine
250 _a4th ed.
260 _aCape Town
260 _bOxford University Press
260 _c2017
300 _a495 p
650 _a Family medicine--Handbooks, manuals, etc. Family medicine--Africa, Southern--Handbooks, manuals, etc. Family medicine--South Africa--Handbooks, manuals, etc.
942 _cBK
999 _c33311
_d33311